000 00723nam a2200253Ia 4500
003 OSt
005 20220928101751.0
006 a|||||r|||| 00| 0
007 ta
008 220927b |||||||| |||| 00| 0 eng d
020 _c200
024 _a106032
037 _b444, 24/02/2010, Vani Prakashan
_cTextual
040 _aSDCL
_cSDCL
_beng
041 _2eng
_aeng
082 _aO152:gx N122, P9
100 _aTiwari Ramchandra
_9394942
245 0 _aVichar aur vitark.
260 _aNew Delhi
_bVani Parkashan
_c2009
300 _a124p
_ccm.
650 _aHindi
_9391598
942 _hO152:gx N122, P9
_cTEXL
_2CC
999 _c710556
_d710556